Libro-guía del visitante de la ermita de San Isidro Labrador (Record no. 92701)

MARC details
000 -LEADER
campo de control de longitud fija 00986nam a2200229 i 4500
001 - NÚMERO DE CONTROL
campo de control 92701
003 - IDENTIFICADOR DE NÚMERO DE CONTROL
campo de control ES-MaACL
005 - FECHA Y HORA DE LA ÚLTIMA TRANSACCIÓN
campo de control 20230906181034.0
007 - CAMPO FIJO DE DESCRIPCIÓN FÍSICA--INFORMACIÓN GENERAL
campo de control de longitud fija t|
008 - DATOS DE LONGITUD FIJA--INFORMACIÓN GENERAL
campo de control de longitud fija 050419s1994 sp ||||1| spa d
020 ## - NÚMERO INTERNACIONAL ESTÁNDAR DEL LIBRO
Número Internacional Estándar del Libro 84-89285-01-2
080 ## - NÚMERO DE LA CLASIFICACIÓN DECIMAL UNIVERSAL
Número de la Clasificación Decimal Universal 726.54(460.27 Alcalá)
245 00 - MENCIÓN DEL TÍTULO
Título Libro-guía del visitante de la ermita de San Isidro Labrador
Resto del título : Alcalá de Henares : crónica de su última restauración /
Mención de responsabilidad, etc. María José Arnaiz ... [et al.].
260 ## - PUBLICACIÓN, DISTRIBUCIÓN, ETC.
Lugar de publicación, distribución, etc. Alcalá de Henares :
Nombre del editor, distribuidor, etc. Obispado de Alcalá de Henares :
-- Ayuntamiento de Alcalá de Henares,
Fecha de publicación, distribución, etc. [1994]
300 ## - DESCRIPCIÓN FÍSICA
Extensión 158 p. :
Otras características físicas il. ;
Dimensiones 20 cm.
490 1# - MENCIÓN DE SERIE
Mención de serie Colección de guías artísticas de la diócesis de Alcalá de Henares ;
Designación de volumen o secuencia 3
610 27 - PUNTO DE ACCESO ADICIONAL DE MATERIA--NOMBRE DE ENTIDAD CORPORATIVA
Nombre de entidad corporativa o nombre de jurisdicción como elemento de entrada Ermita de San Isidro Labrador (Alcalá de Henares)
9 (RLIN) 3506
700 1# - ENTRADA AGREGADA--NOMBRE PERSONAL
Nombre de persona Arnáiz, María José.
9 (RLIN) 23020
830 0# - PUNTO DE ACCESO ADICIONAL DE SERIE-TÍTULO UNIFORME
Título uniforme Colección de guías artísticas de la diócesis de Alcalá de Henares ;
Designación de volumen o secuencia 3
9 (RLIN) 232054
852 ## - LOCALIZACIÓN
Ubicación ES-MaACL
Número de control de estantería E-11002
Sublocalización o colección R.134965
Holdings
Estatus retirado Estado de pérdida Estado de daño No para préstamo Biblioteca de origen Biblioteca actual Ubicación en estantería Fecha de adquisición Fuente de adquisición Total de préstamos Signatura topográfica completa Código de barras Visto por última vez Precio de reemplazo Tipo de ítem Koha
        Biblioteca del Ateneo de Madrid Biblioteca del Ateneo de Madrid Depósito 2 17/01/2008     E-11002 1096775 23/02/2023 23/02/2023 Libro impreso